Statistics for Top 25 languages by % of websites written in that language

Click here to take the quiz!

General Stats

  • This quiz has been taken 2,130 times
    (930 since last reset)
  • The average score is 21 of 25

Answer Stats

% WebLanguage% Correct
59.3%English
100%
1.3%Chinese
99%
4.2%Spanish
99%
2,8%French
98%
2.9%German
95%
8,4%Russian
95%
2.4%Japanese
94%
0.9%Arabic
93%
1.0%Italian
92%
0.6%Korean
88%
2.2%Portuguese
87%
0.7%Dutch
86%
0.3%Swedish
85%
0.9%Polish
84%
0.7%Malay
80%
2.9%Turkish
79%
0.7%Greek
78%
0.3%Ukrainian
75%
2.8%Persian
73%
0,4%Thai
72%
0.3%Romanian
71%
1.3%Vietnamese
71%
0.4%Czech
62%
0.3%Hungarian
58%
0.3%Hebrew
50%

Score Distribution

Percentile by Number Answered

Percent of People with Each Score

Your Score History

You have not taken this quiz since the last reset